[Event "POL-ch U12 Girls"]
[Site "Uniejow"]
[Date "2021.07.22"]
[Round "6"]
[White "Wrona, Faustyna"]
[Black "Oszutowska, Anna"]
[Result "0-1"]
[WhiteElo "1028"]
[BlackElo "1219"]
[PlyCount "70"]
[EventDate "2021.07.18"]
[EventType "swiss"]
[EventRounds "9"]
[EventCountry "POL"]
[SourceTitle "EXT 2022"]
[Source "ChessBase"]
[SourceDate "2021.10.06"]
[SourceVersion "1"]
[SourceVersionDate "2021.10.06"]
[SourceQuality "1"]

1. e4 c6 2. d4 d5 3. e5 Bf5 4. Nf3 e6 5. Be2 Ne7 6. 0-0 c5 7. c3 Nec6 8. Be3 Nd7 9. Re1 Be7 10. Nbd2 Qb6 11. Qb3 Qxb3 12. axb3 cxd4 13. cxd4 0-0 14. Nf1 Nb4 15. Rac1 Rac8 16. Ng3 Bd3 17. Red1 Bc2 18. Rf1 Bxb3 19. Rc3 Rxc3 20. bxc3 Nc6 21. Rb1 Na5 22. Bd2 Bc4 23. Bxc4 dxc4 24. Ne1 Nb3 25. Nf3 a5 26. Rb2 Ra8 27. Ra2 Ra6 28. Be3 b5 29. Nd2 Nb6 30. Ne2 Nd5 31. Nxb3 cxb3 32. Rb2 a4 33. Bc1 Ba3 34. Rb1 Bxc1 35. Nxc1 Nxc3 0-1

[Event "POL-ch U12 Girls"]
[Site "Uniejow"]
[Date "2021.07.21"]
[Round "4"]
[White "Wrona, Faustyna"]
[Black "Oleksiuk, Anna"]
[Result "1/2-1/2"]
[WhiteElo "1028"]
[BlackElo "1145"]
[PlyCount "122"]
[EventDate "2021.07.18"]
[EventType "swiss"]
[EventRounds "9"]
[EventCountry "POL"]
[SourceTitle "EXT 2022"]
[Source "ChessBase"]
[SourceDate "2021.10.06"]
[SourceVersion "1"]
[SourceVersionDate "2021.10.06"]
[SourceQuality "1"]

1. e4 c6 2. d4 d5 3. e5 Bf5 4. Nf3 e6 5. Be2 c5 6. 0-0 Nc6 7. c3 cxd4 8. cxd4 Bb4 9. Bd2 Bxd2 10. Nbxd2 Nge7 11. Nb3 0-0 12. Rc1 Ng6 13. Qd2 a6 14. Nc5 Ra7 15. Nxb7 Qb6 16. Nd6 Bg4 17. Rfd1 Nce7 18. Rc2 f6 19. h3 Bxf3 20. Bxf3 fxe5 21. dxe5 Nxe5 22. Qd4 Nxf3+ 23. gxf3 Qxd4 24. Rxd4 Rxf3 25. Kg2 Rf8 26. Ra4 Rb8 27. b4 h6 28. Rc5 Rd7 29. Rxa6 Rxb4 30. Ra8+ Kh7 31. Nf7 Re4 32. f3 Re2+ 33. Kf1 Re3 34. Kf2 Nf5 35. Nd8 Kg6 36. a4 d4 37. a5 d3 38. Rc1 d2 39. Rd1 Rdd3 40. a6 Rxf3+ 41. Kg2 Rg3+ 42. Kf2 Rdf3+ 43. Ke2 Rd3 44. Rxd2 Rge3+ 45. Kd1 Ra3 46. a7 Ra1+ 47. Kc2 Ra2+ 48. Kc1 Re1+ 49. Rd1 Ra1+ 50. Kc2 Ne3+ 51. Kb2 Rexd1 52. Nc6 Rab1+ 53. Ka3 Rd3+ 54. Ka2 Rdb3 55. Rb8 Rxb8 56. Nxb8 Rf1 57. a8Q Rf2+ 58. Kb3 Nd5 59. Qa1 Rf3+ 60. Kc4 Ne3+ 61. Kd3 Nf5+ 1/2-1/2

[Event "POL-ch U12 Girls"]
[Site "Uniejow"]
[Date "2021.07.20"]
[Round "2"]
[White "Wrona, Faustyna"]
[Black "Arabas, Hanna"]
[Result "0-1"]
[WhiteElo "1028"]
[BlackElo "1119"]
[PlyCount "72"]
[EventDate "2021.07.18"]
[EventType "swiss"]
[EventRounds "9"]
[EventCountry "POL"]
[SourceTitle "EXT 2022"]
[Source "ChessBase"]
[SourceDate "2021.10.06"]
[SourceVersion "1"]
[SourceVersionDate "2021.10.06"]
[SourceQuality "1"]

1. e4 c6 2. d4 d5 3. e5 Bf5 4. Nf3 e6 5. Be2 c5 6. Bb5+ Nd7 7. c3 a6 8. Ba4 b5 9. Bc2 Bxc2 10. Qxc2 Rc8 11. Be3 Ne7 12. 0-0 Nf5 13. Qe2 c4 14. Nbd2 Be7 15. Bf4 0-0 16. Rac1 Nb6 17. b3 Rb8 18. h3 Qc7 19. g4 Nh4 20. Nxh4 Bxh4 21. g5 f6 22. Qh5 fxg5 23. Bxg5 Bxg5 24. Qxg5 Rf5 25. Qg4 Qe7 26. Nf3 Rbf8 27. Nh4 Rg5 28. Ng2 Rxg4 29. hxg4 Qg5 30. f3 h5 31. gxh5 Qxh5 32. Kf2 Rxf3+ 33. Kg1 Rh3 34. Nf4 Qg5+ 35. Kf2 Qxf4+ 36. Kg2 Qg3# 0-1